01428cam a22004454i 4500003000900000005001700009008004100026035001900067035001900086040003300105082001800138245010400156264009200260300003900352336002100391337002500412338002300437490006300460505005200523526001000575526001000585526000900595526000900604526000900613526000900622526000900631526000900640526000900649526000800658526000800666526000800674526000800682526000800690651002900698651002700727651005800754700005700812700003600869710007700905PE-LiUPU20250731165550.0150625s r 000 0 d a(Sirsi) a34407 a(Sirsi) a34407 aPE-LiUPUbspacPE-LiUPUerda04a985.04bD22303aLa Marina 1780-1822 :nVolumen 3. /cedición y prólogo por Cap. de navío AP Julio J. Elías. 1aLima :bComisión Nacional del Sesquicentenario de la Independencia del Perú,c1971. a516 páginas ;c24 centímetros. atext2rdacontent aunmediated2rdamedia avolume2rdacarrier0 aColección Documental de la Independencia del Perú ;v7 aDocumentos inéditos de Trujillo y Lambayeque. aSEG44 aSEG26 aP151 aP150 aP149 aP146 aP145 aP126 aP125 aP92 aP75 aP74 aP27 aP15 aPerú. Marina de Guerra aPerúxHistoria naval aPerúxHistoriayEmancipación, 1808-1824vFuentes.1 aElías Murgía, Julio J.,d1901-1972,ecompilador.1 aDenegri Luna, Félix1919-1998.2 a.Comisión Nacional del Sesquicentenario de la Independencia del Perú